Sezóna 2006/2007 sa Martine Veličkovej nadmieru vydarila Slovenky v druhej najvyššej kategórii

Bibliographic Details
Format: Article
Language:Slovak
PhysicalDescription:Fotogr.
ISSN:1336-4030
Subjects:
Online Access:www.vecernik.po.sk

MARC

LEADER 00000nab a2200000 a 4500
001 vtls008996984
003 SK-MaSNL
005 20260303065755.0
008 070607c20070410xo dr n 000 00slo
038 |a SVKPOCL 
040 |a SVKPOCL  |b slo  |c AACR2  |e AACR2 
041 |a slo 
044 |a xo  |c SK 
080 |a 796.966.071  |2 2001 
080 |a 929 Veličková, Martina  |2 2001 
245 0 0 |a Sezóna 2006/2007 sa Martine Veličkovej nadmieru vydarila  |b Slovenky v druhej najvyššej kategórii  |c [autor] (jm) 
300 |a Fotogr. 
600 1 7 |a Veličková, Martina,  |d 1989-   |2 svkpocl  |9 1066285 
650 0 7 |a ľadový hokej  |x ženy  |2 svkpocl  |9 1032753 
651 7 |a Prešov (Slovensko)  |2 svkpocl  |9 17347 
773 0 |t Prešovský večerník  |g Roč. XVIII, č. 4175 (10.4.2007)  |x 1336-4030 
773 0 8 |i Príl.:  |t Šport Extra  |g Č. 14 (10. apríla 2007), s. 7 
852 |a SVKPO  |b KIS3GCP 
856 4 1 |u www.vecernik.po.sk 
958 |a RG 
999 |c 1752625  |d 1754555